Liste chronologique des édits et ordonnances des Pays-Bas (Record no. 92933)

MARC details
000 -LEADER
campo de control de longitud fija 00703nam a2200181 i 4500
001 - NÚMERO DE CONTROL
campo de control 92933
003 - IDENTIFICADOR DE NÚMERO DE CONTROL
campo de control ES-MaACL
005 - FECHA Y HORA DE LA ÚLTIMA TRANSACCIÓN
campo de control 20230906181105.0
007 - CAMPO FIJO DE DESCRIPCIÓN FÍSICA--INFORMACIÓN GENERAL
campo de control de longitud fija t|
008 - DATOS DE LONGITUD FIJA--INFORMACIÓN GENERAL
campo de control de longitud fija 050331s1909 be ||||1| fre d
245 00 - MENCIÓN DEL TÍTULO
Título Liste chronologique des édits et ordonnances des Pays-Bas
Resto del título : Règnes de Philippe IV (1621-1665) et de Charles II (1665-1700).
260 ## - PUBLICACIÓN, DISTRIBUCIÓN, ETC.
Lugar de publicación, distribución, etc. Bruxelles :
Nombre del editor, distribuidor, etc. J. Goemaere,
Fecha de publicación, distribución, etc. 1909.
300 ## - DESCRIPCIÓN FÍSICA
Extensión XII, 236 p. ;
Dimensiones 24 cm.
490 1# - MENCIÓN DE SERIE
Mención de serie Commission royale pour la publication des anciennes Lois et Ordonnance de la Belgique"
830 0# - PUNTO DE ACCESO ADICIONAL DE SERIE-TÍTULO UNIFORME
Título uniforme Commission royale pour la publication des anciennes Lois et Ordonnance de la Belgique"
9 (RLIN) 232070
852 ## - LOCALIZACIÓN
Ubicación ES-MaACL
Número de control de estantería F-7629
Holdings
Estatus retirado Estado de pérdida Estado de daño No para préstamo Biblioteca de origen Biblioteca actual Ubicación en estantería Fecha de adquisición Fuente de adquisición Total de préstamos Signatura topográfica completa Código de barras Visto por última vez Precio de reemplazo Tipo de ítem Koha
        Biblioteca del Ateneo de Madrid Biblioteca del Ateneo de Madrid Sala Pecera Planta 2 17/01/2008     F-7629 1097016 23/02/2023 23/02/2023 Libro impreso